000 00328nam a22001217a 4500
008 141128b xxu||||| |||| 00| 0 eng d
050 _aPZ4. F965. F3
100 _aFuller, Blair
_912902
245 _aA far place
_c/ Blair Fuller
260 _aLondon
_bSecker & Warburg
_c1957
300 _a243p.
_c21cm.
942 _2lcc
_cMONOGRAPH
999 _c121341
_d121341